01010 a2200181 45000010006000000050017000060080041000230030015000640400040000790800068001192450103001872640027002903000019003175050428003361000024007646500019007886500021008072275920260407155517.0260407a1972 arg spa dAR-UNSa-BCEJYS aAR-UNSa-BCEJYSbspacAR-UNSa-BCEJYS a657.24xComprobación de las operaciones. Documentos contables10aContabilidad y documentación en las empresaspsegún la ley nº 19550 de sociedades comerciales 1aRosario :bOrbirc1972 a173 p.c23 cm. a1. La ley 19.550 - 2. Documentación - 3. Estados contables - 4. Principio general - 5. Balance general - 6. Ordenamiento de la ley de sociedades comerciales Nº 19.550 - 7. Contenido del activo - 8. Contenido del pasivo - 10. De la presentación en general - 11. Valuación - 12. Estado de resultado - 13. Notas y cuadro - 14. Memoria - 15. Copias: depósitos - 165. Otras normas - 17. Palabras finales - Apéndice. 1 aAccursi, Domingo A. aLey Nº 19.550 a ley nº 19 550